Catálogo de la Biblioteca Horacio González - Universidad Nacional de General Sarmiento

Fitzcarraldo (Registro nro. 54398)

Detalles MARC
000 -CABECERA
campo de control de longitud fija 01097ngm a22002890a 4500
001 - NÚMERO DE CONTROL
campo de control PT16704
003 - IDENTIFICADOR DEL NÚMERO DE CONTROL
campo de control AR-LpoUNG
005 - FECHA Y HORA DE LA ÚLTIMA TRANSACCIÓN
campo de control 20210202000232.0
007 - CAMPO FIJO DE DESCRIPCIÓN FÍSICA--INFORMACIÓN GENERAL
campo de control de longitud fija vd cvaizq
008 - DATOS DE LONGITUD FIJA--INFORMACIÓN GENERAL
campo de control de longitud fija 191001s1981||||ag |||||||||||||||||spa d
037 ## - FUENTE DE ADQUISICIÓN
Condiciones de disponibilidad $8.3
040 ## - FUENTE DE LA CATALOGACIÓN
Centro catalogador/agencia de origen AR-LpoUNG
Lengua de catalogación spa
Centro/agencia transcriptor AR-LpoUNG
Normas de descripción aacr
044 ## - CÓDIGO DEL PAÍS DE LA ENTIDAD EDITORA/PRODUCTORA
Código MARC del país ag
082 0# - NÚMERO DE LA CLASIFICACIÓN DECIMAL DEWEY
Número de clasificación 792.54 582fit
100 1# - ENTRADA PRINCIPAL--NOMBRE DE PERSONA
Nombre de persona Herzog, Werner
Término indicativo de función/relación dir.
245 10 - MENCIÓN DE TÍTULO
Título Fitzcarraldo
260 ## - PUBLICACIÓN, DISTRIBUCIÓN, ETC.
Lugar de publicación, distribución, etc. Buenos Aires :
Nombre del editor, distribuidor, etc. Cuervo Film,
Fecha de publicación, distribución, etc. [1981].
300 ## - DESCRIPCIÓN FÍSICA
Extensión VHS (150 min.) : son., col.
505 0# - NOTA DE CONTENIDO CON FORMATO
Nota de contenido con formato Música: Popol Vuh ; producción: Lucki Stipetic.
520 ## - SUMARIO, ETC.
Sumario, etc. Iquitos, Perú. Fitzcarraldo, un aventurero que ha hecho su fortuna con el caucho, ama la ópera. Su pasión desmedida le conduce a construir un teatro en plena selva virgen, a mil doscientas millas de la costa civilizada, para llevar allí al gran Enrico Caruso para cantar. Pero para lograrlo deberá hacer atravesar, con ayuda de los indios, su barco al otro lado de la montaña.
650 #4 - PUNTO DE ACCESO ADICIONAL DE MATERIA--TÉRMINO DE MATERIA
Término de materia o nombre geográfico como elemento de entrada MUSICA
650 #4 - PUNTO DE ACCESO ADICIONAL DE MATERIA--TÉRMINO DE MATERIA
Término de materia o nombre geográfico como elemento de entrada REGION AMAZONICA
651 #4 - PUNTO DE ACCESO ADICIONAL DE MATERIA--NOMBRE GEOGRÁFICO
Nombre geográfico Brasil
653 ## - TÉRMINO DE INDIZACIÓN--NO CONTROLADO
Término no controlado VIDEOS
905 ## - ELEMENTOS DE DATOS E LOCAL, LDE (RLIN)
a 16704
942 ## - ELEMENTOS DE PUNTO DE ACCESO ADICIONAL (KOHA)
Tipo de ítem Koha Video
Existencias
Estado de retiro Estado de pérdida Estado dañado No para préstamo Código de colección Localización permanente Ubicación/localización actual Fecha de adquisición Total de préstamos Signatura topográfica completa Código de barras Fecha visto por última vez Precio válido a partir de Tipo de ítem Koha
        Colección Cine Biblioteca Universidad Nacional de General Sarmiento Biblioteca Universidad Nacional de General Sarmiento 02/02/2021   792.54 582fit 00018382 02/02/2021 02/02/2021 Video